000 00680nam a2200205 4500
001 138158
003 ES-MaACL
005 20250817062558.0
007 t|
008 070214s1977 sp r ||||1| spa d
100 1 _aSánchez Rodríguez, Lucas.
_9102892
245 1 0 _aEstudio de mutantes de saccharomyces cerevisiae alterados en la biosíntesis de proteínas /
_cLucas Sánchez Rodríguez.
260 _aMadrid :
_bFundación Juan March,
_c1977.
300 _a49 p. :
_bil. ;
_c21 cm.
490 1 _aSerie Universitaria
710 2 _aFundación Juan March
_94346
830 0 _aSerie Universitaria
_9180747
852 _aES-MaACL
_j2105-F-4
_bR.96989
999 _c138158
_d138158